[Event "Summer Prague Open 2021 - A"]
[Site "Olympik hotel, Sokolovska 138,"]
[Date "2021.08.09"]
[Round "5.23"]
[White "Djidjeli, Sarah"]
[Black "Shehzad, Shazil"]
[Result "0-1"]
[WhiteElo "2062"]
[BlackElo "2196"]
[Annotator "micha"]
[PlyCount "101"]
[EventDate "2021.08.06"]

1. e4 c5 2. Nf3 d6 3. Bb5+ Nd7 4. d4 cxd4 5. Qxd4 a6 6. Be2 Ngf6 7. O-O e5 8.
Qe3 Nc5 9. Nfd2 b5 10. c4 bxc4 11. Nc3 Be7 12. Bxc4 Bb7 13. Be2 O-O 14. b4 Ne6
15. Nb3 d5 16. exd5 Nxd5 17. Nxd5 Qxd5 18. Qg3 Rad8 19. Bb2 Nf4 20. Bf3 Qxf3
21. gxf3 Ne2+ 22. Kg2 Nxg3 23. fxg3 e4 24. fxe4 Bxb4 25. Rad1 Bxe4+ 26. Kf2 Bc2
27. Rxd8 Rxd8 28. Nd4 Be4 29. Rc1 Bf8 30. Nb3 Rb8 31. Be5 Re8 32. Bd4 Bd5 33.
Rc7 f6 34. Bc5 Rb8 35. Bxf8 Kxf8 36. Rc3 Kf7 37. Rd3 Be6 38. Kf3 Rb6 39. h4 h5
40. Ke3 Kg6 41. Rc3 Bg4 42. Nd4 Rb8 43. Rc6 Re8+ 44. Kf2 Re4 45. Nf3 Ra4 46.
Ne5+ Kf5 47. Nxg4 Rxa2+ 48. Ke3 Ra3+ 49. Kf2 hxg4 50. Rc7 g5 51. hxg5 {...} 0-1

[Event "Summer Prague Open 2021 - A"]
[Site "Olympik hotel, Sokolovska 138,"]
[Date "2021.08.09"]
[Round "5.24"]
[White "Nemec, Jachym"]
[Black "Laurincova, Kristyna"]
[Result "1-0"]
[WhiteElo "2191"]
[BlackElo "2015"]
[PlyCount "79"]
[EventDate "2021.08.06"]

1. Nf3 c5 2. c4 Nc6 3. d4 cxd4 4. Nxd4 Nf6 5. Nc3 Qa5 6. Nb3 Qc7 7. g3 a6 8.
Bg2 d6 9. Bg5 e6 10. O-O Be7 11. Rc1 O-O 12. Be3 Bd7 13. Nd4 Ng4 14. Nc2 Nxe3
15. Nxe3 Ne5 16. b3 Bc6 17. Ncd5 Qd8 18. Nxe7+ Qxe7 19. Qd2 Rfd8 20. Rfd1 Bxg2
21. Kxg2 b5 22. Qb4 Nc6 23. Qa3 b4 24. Qa4 Qb7 25. Kg1 Rac8 26. Rd2 Kf8 27.
Rcd1 Ke7 28. Nc2 Qb6 29. a3 a5 30. axb4 axb4 31. Qa1 f6 32. Ne3 Ra8 33. Qb1 g6
34. Qe4 Ne5 35. Rd5 Ra3 36. Rb5 Qc6 37. Rxe5 Qxe4 38. Rxe4 Rxb3 39. Nc2 Rb2 40.
Nd4 1-0

[Event "Summer Prague Open 2021 - B"]
[Site "Olympik hotel, Sokolovska 138,"]
[Date "2021.08.09"]
[Round "5.1"]
[White "Dreher, David"]
[Black "Svetly, Jiri"]
[Result "1-0"]
[WhiteElo "1888"]
[BlackElo "1852"]
[Annotator "Stanice"]
[PlyCount "97"]
[EventDate "2021.08.06"]

1. d4 Nf6 2. Bf4 d5 3. e3 c5 4. c3 Nc6 5. Nd2 Bf5 6. Ngf3 Qb6 7. Qb3 e6 8. Be2
Be7 9. O-O O-O 10. Nh4 Bg6 11. Nxg6 hxg6 12. h3 Nd7 13. Nf3 Qxb3 14. axb3 f6
15. Bg3 a6 $11 16. Nh4 Kf7 17. Bd3 f5 18. Nf3 Rfe8 19. Ra2 Bf6 20. Bd6 Be7 21.
dxc5 Nxc5 22. Bxc5 Bxc5 23. b4 Bd6 24. Rfa1 Rac8 25. b5 axb5 26. Bxb5 Kf6 27.
Nd4 e5 28. Nb3 Re7 29. Rd1 Ke6 30. Be2 Rcc7 31. Ra8 b6 32. Bb5 Na7 33. Be8 g5
34. Kf1 Nc6 35. Rda1 Bc5 36. Nxc5+ bxc5 37. R1a6 Kd6 38. Rd8+ Red7 39. Bxd7
Rxd7 40. Rf8 f4 41. Rf5 fxe3 42. Rxg5 Kc7 43. Rg6 Nd8 44. fxe3 d4 45. cxd4 cxd4
46. exd4 exd4 47. Ke2 Nb7 48. b4 Nd6 49. Rgxd6 1-0

[Event "Summer Prague Open 2021 - B"]
[Site "Olympik hotel, Sokolovska 138,"]
[Date "2021.08.09"]
[Round "5.2"]
[White "Jaeger, Andre"]
[Black "Korenek, Frantisek"]
[Result "1-0"]
[WhiteElo "1883"]
[BlackElo "1896"]
[PlyCount "55"]
[EventDate "2021.08.06"]

1. d4 Nf6 2. c4 e6 3. Nc3 Bb4 4. f3 d5 5. a3 Bxc3+ 6. bxc3 O-O 7. cxd5 exd5 8.
e3 Nbd7 9. Bd3 Re8 10. Ne2 c5 11. O-O Qa5 12. Bd2 Qc7 13. Ng3 Nb6 14. e4 Nc4
15. e5 Nd7 16. f4 Ndb6 17. Bc1 g6 18. Ra2 Nd7 19. f5 cxd4 20. fxg6 hxg6 21.
cxd4 Qb6 22. Bxc4 dxc4 23. Rb2 Qc6 24. Rbf2 Qd5 25. Bg5 Nf8 26. Rxf7 Qxf7 27.
Rxf7 Kxf7 28. Ne4 1-0

[Event "Summer Prague Open 2021 - B"]
[Site "Olympik hotel, Sokolovska 138,"]
[Date "2021.08.09"]
[Round "5.3"]
[White "Svanda, Adam"]
[Black "Marinc, Damir"]
[Result "1/2-1/2"]
[WhiteElo "1858"]
[BlackElo "1887"]
[Annotator "Stanice"]
[PlyCount "116"]
[EventDate "2021.08.06"]

1. c4 c5 2. g3 Nf6 3. Bg2 Nc6 4. Nc3 g6 5. e4 d6 6. Nge2 Bg7 7. O-O O-O 8. d3
Bd7 9. Rb1 Qc8 10. f3 Bh3 $11 11. Be3 Bxg2 12. Kxg2 Rb8 13. b3 a6 14. a4 Qd7
15. d4 b6 16. d5 Nd8 17. h4 a5 18. Qd2 Ne8 19. Bh6 Bxh6 20. Qxh6 f6 21. Rh1 Nf7
22. Qd2 Kg7 23. Nf4 Nc7 24. Nb5 Nd8 25. Nxc7 Qxc7 26. h5 g5 27. h6+ Kf7 28. Nh5
Ke8 29. f4 Nf7 30. Ng7+ Kd7 31. Ne6 Qc8 32. Nxf8+ Qxf8 33. fxg5 Nxg5 34. Qf4
Qf7 35. Rbf1 Qg6 36. Rh4 Rg8 37. Qf5+ Qxf5 38. Rxf5 Rg6 39. Rff4 Kc7 40. Rfg4
Kd7 41. Kf2 Kc7 42. Ke3 Kd7 43. Rh5 Ke8 44. Kf4 e5+ 45. Kf5 Kf7 46. Rgxg5 fxg5
47. Rxg5 Rxh6 48. Kg4 Kf6 49. Rh5 Rg6+ 50. Kh4 Kg7 51. g4 Rf6 52. Rg5+ Rg6 53.
Rxg6+ Kxg6 54. g5 h5 55. gxh6 Kxh6 56. Kg4 Kg6 57. Kh4 Kh6 58. Kg4 Kg6 1/2-1/2

[Event "Summer Prague Open 2021 - B"]
[Site "Olympik hotel, Sokolovska 138,"]
[Date "2021.08.09"]
[Round "5.4"]
[White "Guggenheim, Hans"]
[Black "Belov, Alexander"]
[Result "0-1"]
[WhiteElo "1866"]
[BlackElo "1853"]
[Annotator "Stanice"]
[PlyCount "79"]
[EventDate "2021.08.06"]

1. d4 g6 2. c4 Bg7 3. e4 d6 4. Nc3 Nc6 5. d5 Nd4 6. Be3 e5 7. Nge2 Nxe2 8. Bxe2
f5 9. f3 Nf6 10. Qc2 fxe4 11. Nxe4 Nxe4 12. fxe4 Qh4+ 13. Bf2 Qg5 14. O-O O-O
15. Qd3 Bh6 16. Bf3 Bg4 17. Bd1 b6 18. Kh1 Rf7 19. Bxg4 Qxg4 20. Bg1 Raf8 21.
Rxf7 Rxf7 22. b4 Bg5 23. a4 Rf4 24. Be3 Rf7 25. a5 Bxe3 26. Qxe3 Qf4 27. Qd3
Qf2 28. axb6 axb6 29. Rb1 h5 30. Rg1 Kh7 31. Ra1 g5 32. Qd1 g4 33. Qg1 Qe2 34.
c5 bxc5 35. bxc5 Qxe4 36. cxd6 cxd6 37. Qc1 Qf4 38. Qe1 e4 39. Kg1 Kg6 40. Rd1
{white exceeded time} 0-1

[Event "Summer Prague Open 2021 - B"]
[Site "Olympik hotel, Sokolovska 138,"]
[Date "2021.08.09"]
[Round "5.5"]
[White "Al-Dhabbi, Fares"]
[Black "Kalvach, Ladislav"]
[Result "1/2-1/2"]
[WhiteElo "1918"]
[BlackElo "1771"]
[PlyCount "45"]
[EventDate "2021.08.06"]

1. e4 c5 2. Nf3 a6 3. d4 cxd4 4. Nxd4 e5 5. Nf5 d5 6. Ng3 d4 7. Bc4 Nf6 8. O-O
Bc5 9. Kh1 Bg4 10. f3 Bd7 11. c3 Nc6 12. cxd4 Bxd4 13. Nc3 Na5 14. Bd3 Rc8 15.
Nge2 Ba7 16. Bg5 h6 17. Bxf6 Qxf6 18. Nd5 Qd6 19. Rc1 O-O 20. Qd2 Rxc1 21. Rxc1
Nc6 22. Bc4 Nd4 23. a3 1/2-1/2

[Event "Summer Prague Open 2021 - B"]
[Site "Olympik hotel, Sokolovska 138,"]
[Date "2021.08.09"]
[Round "5.6"]
[White "Pejrimovsky, Tadeas Rubel"]
[Black "Westendorp, Christian"]
[Result "1-0"]
[WhiteElo "1532"]
[BlackElo "1859"]
[PlyCount "93"]
[EventDate "2021.08.06"]

1. e4 c5 2. b4 cxb4 3. a3 Nc6 4. axb4 Nxb4 5. c3 Nc6 6. d4 d6 7. f4 Nf6 8. Bd3
Bg4 9. Nf3 e6 10. O-O Be7 11. h3 Bh5 12. g4 Nxg4 13. hxg4 Bxg4 14. d5 Qb6+ 15.
Kg2 exd5 16. exd5 Nb8 17. Qe2 Nd7 18. Re1 Qd8 19. Bb5 f6 20. Ba3 Kf8 21. Qe3
Nb6 22. Qe4 a6 23. Bd3 Qd7 24. Nd4 g6 25. Ne6+ Bxe6 26. dxe6 Qc7 27. f5 d5 28.
Bxe7+ Kxe7 29. Qh4 gxf5 30. Bxf5 Rag8+ 31. Kf3 Rg7 32. Qb4+ Qd6 33. Nd2 Rg3+
34. Ke2 h5 35. Nf3 Qxb4 36. cxb4 Nc4 37. Nh4 Rhg8 38. Rad1 Kd6 39. Bh7 Re3+ 40.
Kf2 Rxe1 41. Rxe1 Re8 42. Nf5+ Kc7 43. Bg6 Ne5 44. Bxe8 Nd3+ 45. Ke2 Nxe1 46.
Kxe1 Kd8 47. Bf7 1-0

[Event "Summer Prague Open 2021 - B"]
[Site "Olympik hotel, Sokolovska 138,"]
[Date "2021.08.09"]
[Round "5.7"]
[White "Pechanek, Krystof"]
[Black "Palka, Miroslav"]
[Result "1/2-1/2"]
[WhiteElo "1436"]
[BlackElo "1846"]
[Annotator "Stanice"]
[PlyCount "120"]
[EventDate "2021.08.06"]

1. d4 Nf6 2. Bf4 g6 3. e3 Bg7 4. c3 O-O 5. Nf3 d6 6. Bd3 b6 7. O-O Bb7 8. Nbd2
Nbd7 9. Qc2 Re8 10. Be4 Nxe4 11. Nxe4 e5 12. dxe5 dxe5 13. Bg3 Qe7 14. h3 Nc5
15. Nxc5 Qxc5 16. Qe2 a5 17. Rfd1 f5 18. Rd7 Bc8 19. Rdd1 Be6 20. Qc2 Rad8 21.
Bh4 Rxd1+ 22. Rxd1 Bd5 23. Nd2 Qc6 24. f3 Qe6 25. Qa4 Bc6 26. Qc4 Qxc4 27. Nxc4
Bf8 28. Rd8 Bc5 29. Rxe8+ Bxe8 30. Bd8 Bf7 31. Nxe5 Bxe3+ 32. Kf1 Bxa2 33. Bxc7
a4 34. Bd6 $11 b5 35. Nc6 Bc4+ 36. Ke1 Kg7 37. Nd4 Kf6 38. Nc2 Bg5 39. Kf2 Ke6
40. Bc5 Kd5 41. Bb4 Ba2 42. Ne3+ Ke5 43. g3 Bd8 44. Bc5 h5 45. Bd4+ Kd6 46. h4
f4 47. Ng2 fxg3+ 48. Kxg3 Ke6 49. Nf4+ Kf5 50. Nd3 Bc4 51. Ne5 Bc7 52. f4 Ba2
53. Kf3 Bb1 54. Ke3 Bd8 55. Nf3 Be4 56. Ng5 Bb1 57. Kf3 Bc7 58. Be3 Ba2 59. Bc1
Bd5+ 60. Kg3 Ba5 1/2-1/2

[Event "Summer Prague Open 2021 - B"]
[Site "Olympik hotel, Sokolovska 138,"]
[Date "2021.08.09"]
[Round "5.8"]
[White "Hrebicek, Petr"]
[Black "Bandieramonte, Enrico"]
[Result "1-0"]
[WhiteElo "1806"]
[BlackElo "1597"]
[PlyCount "51"]
[EventDate "2021.08.06"]

1. e4 a6 2. d4 b5 3. Bd3 Bb7 4. Nf3 e6 5. O-O Nf6 6. Qe2 c5 7. c3 Be7 8. Bg5
O-O 9. Nbd2 c4 10. Bc2 h6 11. Bh4 d6 12. Rad1 Nbd7 13. e5 Nd5 14. Qe4 g6 15.
Bxe7 Qxe7 16. Qg4 Kg7 17. Qg3 dxe5 18. dxe5 Rh8 19. Ne4 Rag8 20. Nd6 Ba8 21.
Be4 Rh7 22. Bxd5 Bxd5 23. Rxd5 Kh8 24. Rd4 g5 25. Rfd1 Qf8 26. Ne4 1-0

[Event "Summer Prague Open 2021 - B"]
[Site "Olympik hotel, Sokolovska 138,"]
[Date "2021.08.09"]
[Round "5.9"]
[White "Froeyman, Hugo"]
[Black "Bednar, Jiri"]
[Result "1/2-1/2"]
[WhiteElo "1614"]
[BlackElo "1881"]
[PlyCount "74"]
[EventDate "2021.08.06"]

1. e4 e5 2. Nf3 Nc6 3. Nc3 Nf6 4. Bb5 d6 5. d4 exd4 6. Nxd4 Bd7 7. O-O Be7 8.
Be3 O-O 9. Nxc6 Bxc6 10. Bxc6 bxc6 11. f4 Nd7 12. Qf3 Bf6 13. Bf2 Rb8 14. b3 c5
15. Rad1 Bxc3 16. Qxc3 Qe7 17. Rfe1 f6 18. a4 Rb4 19. Qf3 Re8 20. e5 fxe5 21.
fxe5 Nxe5 22. Qd5+ Qf7 23. Bxc5 Rg4 24. Qxf7+ Kxf7 25. Rf1+ Ke6 26. Bxa7 c5 27.
Bb6 Ra8 28. Bc7 Rd4 29. Rxd4 cxd4 30. Rd1 Nc6 31. Bb6 Ke5 32. Kf2 Rf8+ 33. Ke2
Ke4 34. Re1 Ne5 35. Kd2+ Kd5 36. Re2 Rf1 37. a5 Ra1 1/2-1/2

[Event "Summer Prague Open 2021 - B"]
[Site "Olympik hotel, Sokolovska 138,"]
[Date "2021.08.09"]
[Round "5.10"]
[White "Lupo, Francesco"]
[Black "Lazniewska, Zofia"]
[Result "0-1"]
[WhiteElo "1823"]
[BlackElo "1562"]
[PlyCount "80"]
[EventDate "2021.08.06"]

1. d4 d5 2. Bf4 Nf6 3. e3 e6 4. Bd3 Be7 5. Nd2 Nbd7 6. c3 b6 7. h4 Bb7 8. h5 c5
9. Ngf3 Qc8 10. Ne5 Nxe5 11. Bxe5 Bc6 12. Qf3 Qd8 13. Qg3 Bf8 14. h6 g6 15. Nf3
Be7 16. Ng5 O-O 17. Nxe6 fxe6 18. Bxg6 Kh8 19. Bxh7 Rf7 20. Qg6 Rxh7 21. g4 Be8
22. Qg5 Rf7 23. Qh4 Kh7 24. g5 Rf8 25. gxf6 Bxf6 26. Qg3 Rg8 27. Qf4 Bxe5 28.
Qxe5 Rg6 29. O-O-O Qb8 30. Qh5 Qd8 31. f4 Qf6 32. Qf3 c4 33. e4 Bc6 34. e5 Qf7
35. Rh4 Rag8 36. Rhh1 Ba4 37. Rdf1 Qf5 38. Qe2 Rg2 39. Rf2 Rg1+ 40. Rf1 R8g2
0-1

[Event "Summer Prague Open 2021 - A"]
[Site "?"]
[Date "2021.08.10"]
[Round "6.1"]
[White "Petr, Martin"]
[Black "Stalmach, Richard"]
[Result "1-0"]
[BlackElo "2305"]
[WhiteElo "2503"]
[LiveChessVersion "1.4.8"]

1. Nf3 {[%clk 1:30:52]} Nf6 {[%clk 1:29:40]} 2. g3 {[%clk 1:30:17]} g6
{[%clk 1:29:41]} 3. b3 {[%clk 1:30:37]} Bg7 {[%clk 1:29:35]} 4. Bb2
{[%clk 1:31:01]} c5 {[%clk 1:29:32]} 5. c4 {[%clk 1:30:32]} d6 {[%clk 1:29:42]}
6. Bg2 {[%clk 1:30:03]} e5 {[%clk 1:29:50]} 7. O-O {[%clk 1:28:14]} O-O
{[%clk 1:30:03]} 8. Nc3 {[%clk 1:24:56]} Nc6 {[%clk 1:29:33]} 9. Ne1
{[%clk 1:21:11]} Bd7 {[%clk 1:27:19]} 10. Nc2 {[%clk 1:17:53]} Rb8
{[%clk 1:22:44]} 11. d3 {[%clk 1:02:45]} Ne8 {[%clk 1:11:09]} 12. Qd2
{[%clk 1:00:51]} Nc7 {[%clk 1:08:27]} 13. Ne3 {[%clk 1:00:02]} b5
{[%clk 1:02:33]} 14. Ned5 {[%clk 0:59:02]} b4 {[%clk 0:56:26]} 15. Ne4
{[%clk 0:59:17]} Bc8 {[%clk 0:45:50]} 16. f4 {[%clk 0:57:28]} f5 {[%clk 0:44:35]}
17. Nef6+ {[%clk 0:49:33]} Kh8 {[%clk 0:34:02]} 18. Nxc7 {[%clk 0:49:46]} Qxc7
{[%clk 0:34:08]} 19. Nd5 {[%clk 0:50:11]} Qd7 {[%clk 0:34:06]} 20. e4
{[%clk 0:47:44]} fxe4 {[%clk 0:32:49]} 21. fxe5 {[%clk 0:44:40]} Bb7
{[%clk 0:30:44]} 22. exd6 {[%clk 0:43:47]} exd3 {[%clk 0:30:24]} 23. Bxg7+
{[%clk 0:42:55]} Kxg7 {[%clk 0:30:02]} 24. Qxd3 {[%clk 0:36:05]} Ne5
{[%clk 0:27:08]} 25. Qe2 {[%clk 0:31:05]} Qxd6 {[%clk 0:27:28]} 26. Rxf8
{[%clk 0:31:30]} Rxf8 {[%clk 0:27:47]} 27. Rd1 {[%clk 0:31:56]} Re8
{[%clk 0:12:56]} 28. Nf4 {[%clk 0:22:47]} Qb8 {[%clk 0:11:36]} 29. Bxb7
{[%clk 0:22:16]} Qxb7 {[%clk 0:12:04]} 30. Rd5 {[%clk 0:22:34]} Qe7
{[%clk 0:09:52]} 31. Qe3 {[%clk 0:22:23]} h5 {[%clk 0:06:58]} 32. Kg2
{[%clk 0:19:54]} Qf6 {[%clk 0:05:40]} 33. Rxc5 {[%clk 0:17:56]} h4
{[%clk 0:05:25]} 34. gxh4 {[%clk 0:14:37]} Qf5 {[%clk 0:05:16]} 35. Rd5
{[%clk 0:12:36]} Kh7 {[%clk 0:03:14]} 36. Qxa7+ {[%clk 0:10:42]} Kg8
{[%clk 0:02:23]} 37. Qe3 {[%clk 0:10:41]} Qc2+ {[%clk 0:02:36]} 38. Rd2
{[%clk 0:08:43]} Qf5 {[%clk 0:03:04]} 39. Re2 {[%clk 0:08:11]} Kh7
{[%clk 0:01:39]} 40. Qg3 {[%clk 0:07:25]} Re7 {[%clk 0:00:31]} 41. Qg5
{[%clk 0:04:56]} 1-0

[Event "Summer Prague Open 2021 - A"]
[Site "?"]
[Date "2021.08.10"]
[Round "6.2"]
[White "Hrabusa, Matej"]
[Black "Finek, Vaclav"]
[Result "1/2-1/2"]
[BlackElo "2372"]
[WhiteElo "2350"]
[LiveChessVersion "1.4.8"]

1. d4 {[%clk 1:30:56]} Nf6 {[%clk 1:29:50]} 2. Nf3 {[%clk 1:31:16]} g6
{[%clk 1:30:10]} 3. Nbd2 {[%clk 1:31:36]} d5 {[%clk 1:30:28]} 4. b4
{[%clk 1:31:32]} Bg7 {[%clk 1:30:39]} 5. e3 {[%clk 1:31:54]} O-O {[%clk 1:29:27]}
6. c4 {[%clk 1:31:17]} c6 {[%clk 1:26:30]} 7. a4 {[%clk 1:31:02]} Nbd7
{[%clk 1:23:46]} 8. Bb2 {[%clk 1:29:44]} Ne4 {[%clk 1:19:02]} 9. Bd3
{[%clk 1:20:18]} Ndf6 {[%clk 1:14:45]} 10. O-O {[%clk 1:12:33]} Bf5
{[%clk 1:08:40]} 11. Qe2 {[%clk 1:03:07]} Nxd2 {[%clk 0:56:50]} 12. Nxd2
{[%clk 1:03:22]} Bxd3 {[%clk 0:57:10]} 13. Qxd3 {[%clk 1:03:47]} Qd7
{[%clk 0:57:12]} 14. Rfc1 {[%clk 1:01:41]} Rac8 {[%clk 0:54:56]} 15. b5
{[%clk 0:55:26]} cxb5 {[%clk 0:52:53]} 16. cxb5 {[%clk 0:53:39]} Rxc1+
{[%clk 0:50:26]} 17. Rxc1 {[%clk 0:53:59]} Rc8 {[%clk 0:50:48]} 18. Rc3
{[%clk 0:50:05]} e6 {[%clk 0:43:57]} 19. Ba3 {[%clk 0:48:10]} Bf8
{[%clk 0:40:05]} 20. Bxf8 {[%clk 0:48:23]} Kxf8 {[%clk 0:40:25]} 21. Qc2
{[%clk 0:48:39]} Rxc3 {[%clk 0:40:19]} 22. Qxc3 {[%clk 0:49:04]} Ke8
{[%clk 0:37:06]} 23. f3 {[%clk 0:45:02]} b6 {[%clk 0:27:24]} 24. Nb3
{[%clk 0:42:23]} Kd8 {[%clk 0:24:48]} 25. Nc1 {[%clk 0:41:25]} Qc7
{[%clk 0:20:22]} 26. Qxc7+ {[%clk 0:40:09]} Kxc7 {[%clk 0:20:46]} 27. Nd3
{[%clk 0:40:34]} Ne8 {[%clk 0:15:17]} 28. Kf2 {[%clk 0:38:30]} 1/2-1/2

[Event "Summer Prague Open 2021 - A"]
[Site "?"]
[Date "2021.08.10"]
[Round "6.3"]
[White "Humburg, Philipp"]
[Black "Jurcik, Marian"]
[Result "1/2-1/2"]
[BlackElo "2419"]
[WhiteElo "2245"]
[LiveChessVersion "1.4.8"]

1. Nf3 {[%clk 1:30:58]} Nf6 {[%clk 1:25:24]} 2. g3 {[%clk 1:30:28]} b5
{[%clk 1:23:53]} 3. Bg2 {[%clk 1:28:55]} Bb7 {[%clk 1:24:10]} 4. O-O
{[%clk 1:29:16]} e6 {[%clk 1:24:26]} 5. d3 {[%clk 1:29:02]} c5 {[%clk 1:21:09]}
6. e4 {[%clk 1:27:15]} d6 {[%clk 1:20:24]} 7. a4 {[%clk 1:17:10]} b4
{[%clk 1:20:08]} 8. Nbd2 {[%clk 1:16:03]} Be7 {[%clk 1:20:10]} 9. e5
{[%clk 1:13:37]} dxe5 {[%clk 1:17:45]} 10. Nxe5 {[%clk 1:11:13]} Bxg2
{[%clk 1:17:43]} 11. Kxg2 {[%clk 1:11:38]} Qd5+ {[%clk 1:16:04]} 12. Qf3
{[%clk 1:11:11]} Nbd7 {[%clk 1:15:55]} 13. Ndc4 {[%clk 0:59:42]} Nxe5
{[%clk 1:12:40]} 14. Nxe5 {[%clk 0:58:37]} Rc8 {[%clk 1:02:54]} 1/2-1/2

[Event "Summer Prague Open 2021 - A"]
[Site "?"]
[Date "2021.08.10"]
[Round "6.4"]
[White "Plischki, Sebastian"]
[Black "Frank, Adam"]
[Result "1-0"]
[BlackElo "2210"]
[WhiteElo "2356"]
[LiveChessVersion "1.4.8"]

1. d4 {[%clk 1:30:56]} Nf6 {[%clk 1:30:55]} 2. c4 {[%clk 1:31:17]} d6
{[%clk 1:31:12]} 3. Nf3 {[%clk 1:31:11]} g6 {[%clk 1:31:35]} 4. g3
{[%clk 1:31:07]} Bg7 {[%clk 1:31:59]} 5. Bg2 {[%clk 1:31:26]} O-O
{[%clk 1:32:24]} 6. Nc3 {[%clk 1:31:41]} Nc6 {[%clk 1:32:50]} 7. O-O
{[%clk 1:31:41]} a6 {[%clk 1:33:16]} 8. b3 {[%clk 1:31:36]} Rb8 {[%clk 1:30:31]}
9. d5 {[%clk 1:30:08]} Na5 {[%clk 1:28:52]} 10. Bg5 {[%clk 1:29:23]} c5
{[%clk 1:26:14]} 11. dxc6 {[%clk 1:29:15]} bxc6 {[%clk 1:19:32]} 12. Rc1
{[%clk 1:27:07]} c5 {[%clk 1:18:13]} 13. Nd5 {[%clk 1:26:09]} Nxd5
{[%clk 1:16:21]} 14. cxd5 {[%clk 1:26:32]} Bd7 {[%clk 1:12:41]} 15. Re1
{[%clk 1:17:41]} h6 {[%clk 0:49:40]} 16. Bf4 {[%clk 1:13:34]} c4 {[%clk 0:36:05]}
17. bxc4 {[%clk 1:11:14]} Rb2 {[%clk 0:36:12]} 18. c5 {[%clk 0:54:58]} dxc5
{[%clk 0:36:09]} 19. Rxc5 {[%clk 0:55:19]} Nb7 {[%clk 0:36:04]} 20. Rc1
{[%clk 0:50:01]} Rxa2 {[%clk 0:27:09]} 21. Bc7 {[%clk 0:49:02]} Qe8
{[%clk 0:26:47]} 22. Be5 {[%clk 0:44:23]} Ba4 {[%clk 0:14:55]} 23. Qd4
{[%clk 0:43:15]} Bxe5 {[%clk 0:15:12]} 24. Nxe5 {[%clk 0:42:08]} Nd6
{[%clk 0:15:22]} 25. Nc6 {[%clk 0:39:09]} Bb5 {[%clk 0:07:07]} 26. e4 Qd7
{[%clk 0:04:15]} 27. e5 {[%clk 0:32:31]} Nf5 {[%clk 0:04:41]} 28. Qc5
{[%clk 0:31:20]} e6 {[%clk 0:04:16]} 29. Red1 {[%clk 0:27:01]} Ra4
{[%clk 0:02:15]} 30. d6 {[%clk 0:13:53]} Rc8 {[%clk 0:02:19]} 31. Qb6
{[%clk 0:13:23]} Rc4 {[%clk 0:00:33]} 32. Rxc4 {[%clk 0:13:29]} Bxc4
{[%clk 0:01:00]} 33. g4 {[%clk 0:06:46]} Bd5 {[%clk 0:00:32]} 34. Rc1
{[%clk 0:04:38]} Bxg2 {[%clk 0:00:37]} 35. Kxg2 {[%clk 0:04:50]} 1-0

[Event "Summer Prague Open 2021 - A"]
[Site "?"]
[Date "2021.08.10"]
[Round "6.5"]
[White "Nguyen, Alex Dac-Vuong"]
[Black "Heyne, Lukas"]
[Result "1-0"]
[BlackElo "2062"]
[WhiteElo "2290"]
[LiveChessVersion "1.4.8"]

1. e4 {[%clk 1:30:57]} c5 {[%clk 1:28:56]} 2. c3 {[%clk 1:31:18]} Nf6
{[%clk 1:29:00]} 3. e5 {[%clk 1:31:43]} Nd5 {[%clk 1:29:26]} 4. d4
{[%clk 1:32:09]} cxd4 {[%clk 1:29:51]} 5. Nf3 {[%clk 1:32:34]} Nc6
{[%clk 1:18:54]} 6. cxd4 {[%clk 1:32:11]} d6 {[%clk 1:16:35]} 7. Bc4
{[%clk 1:31:39]} Nb6 {[%clk 0:55:37]} 8. Bb5 {[%clk 1:32:01]} Bd7
{[%clk 0:47:20]} 9. exd6 {[%clk 1:22:48]} e6 {[%clk 0:46:53]} 10. Nc3
{[%clk 1:23:07]} Bxd6 {[%clk 0:39:10]} 11. O-O {[%clk 1:21:14]} a6
{[%clk 0:33:03]} 12. Bd3 {[%clk 1:20:05]} Nb4 {[%clk 0:31:56]} 13. Bb1
{[%clk 1:20:16]} Bc6 {[%clk 0:30:33]} 14. Re1 {[%clk 1:10:33]} h6
{[%clk 0:20:56]} 15. Ne4 {[%clk 1:07:51]} Bxe4 {[%clk 0:20:01]} 16. Bxe4
{[%clk 1:07:48]} N4d5 {[%clk 0:20:12]} 17. Bd2 {[%clk 0:58:28]} Qe7
{[%clk 0:17:19]} 18. Qb3 {[%clk 0:55:34]} a5 {[%clk 0:16:55]} 19. a3
{[%clk 0:44:26]} O-O {[%clk 0:16:47]} 20. Ne5 {[%clk 0:42:46]} Rfc8
{[%clk 0:14:21]} 21. Rad1 {[%clk 0:30:23]} a4 {[%clk 0:13:40]} 22. Qg3
{[%clk 0:30:45]} Qf6 {[%clk 0:10:48]} 23. f4 {[%clk 0:31:04]} Nc4
{[%clk 0:10:08]} 24. Bc1 {[%clk 0:31:29]} Kh8 {[%clk 0:09:11]} 25. Rf1
{[%clk 0:30:21]} Qe7 {[%clk 0:08:35]} 26. Qh3 {[%clk 0:26:21]} Nf6
{[%clk 0:02:49]} 27. Bg6 {[%clk 0:20:00]} Bxe5 {[%clk 0:01:50]} 28. fxe5
{[%clk 0:20:25]} fxg6 {[%clk 0:01:46]} 29. Bg5 {[%clk 0:13:00]} Nxe5
{[%clk 0:01:03]} 30. dxe5 {[%clk 0:12:36]} Qc5+ {[%clk 0:01:30]} 31. Kh1
{[%clk 0:12:39]} Qxe5 {[%clk 0:01:54]} 32. Bxf6 {[%clk 0:13:01]} 1-0

[Event "Summer Prague Open 2021 - A"]
[Site "?"]
[Date "2021.08.10"]
[Round "6.6"]
[White "Gloser, David"]
[Black "Kusa, Jakub"]
[Result "1-0"]
[BlackElo "2280"]
[WhiteElo "2164"]
[LiveChessVersion "1.4.8"]

1. e4 {[%clk 1:30:57]} e5 {[%clk 1:30:54]} 2. Nf3 {[%clk 1:31:22]} Nc6
{[%clk 1:31:17]} 3. Bc4 {[%clk 1:31:43]} Nf6 {[%clk 1:31:40]} 4. d3
{[%clk 1:32:07]} Be7 {[%clk 1:32:00]} 5. O-O {[%clk 1:31:55]} O-O
{[%clk 1:32:11]} 6. Re1 {[%clk 1:31:23]} d6 {[%clk 1:32:27]} 7. a4
{[%clk 1:31:18]} Kh8 {[%clk 1:32:08]} 8. h3 {[%clk 1:27:05]} Ng8 {[%clk 1:31:31]}
9. Nc3 {[%clk 1:25:56]} f5 {[%clk 1:29:11]} 10. Nd5 {[%clk 1:23:35]} fxe4
{[%clk 1:27:55]} 11. dxe4 {[%clk 1:22:11]} Nf6 {[%clk 1:25:20]} 12. c3
{[%clk 1:17:53]} Nxd5 {[%clk 1:16:46]} 13. exd5 {[%clk 1:10:50]} Nb8
{[%clk 1:16:47]} 14. a5 {[%clk 1:08:08]} Qe8 {[%clk 1:02:15]} 15. Qe2
{[%clk 0:58:53]} Qg6 {[%clk 0:48:37]} 16. Bd3 {[%clk 0:55:18]} Qf7
{[%clk 0:48:59]} 17. Ng5 {[%clk 0:49:56]} Bxg5 {[%clk 0:47:17]} 18. Bxg5
{[%clk 0:50:22]} Nd7 {[%clk 0:45:53]} 19. c4 {[%clk 0:41:51]} Nc5
{[%clk 0:41:38]} 20. Bc2 {[%clk 0:41:30]} Bf5 {[%clk 0:41:36]} 21. b4
{[%clk 0:40:45]} Nd7 {[%clk 0:41:20]} 22. Be3 {[%clk 0:39:57]} Bxc2
{[%clk 0:40:19]} 23. Qxc2 {[%clk 0:40:24]} a6 {[%clk 0:40:28]} 24. Red1
{[%clk 0:39:07]} Nf6 {[%clk 0:40:02]} 25. Rab1 {[%clk 0:37:21]} Rac8
{[%clk 0:37:56]} 26. Qd3 {[%clk 0:35:40]} Nh5 {[%clk 0:34:36]} 27. b5
{[%clk 0:31:43]} Nf4 {[%clk 0:34:45]} 28. Qc2 {[%clk 0:31:01]} axb5
{[%clk 0:33:05]} 29. Bxf4 {[%clk 0:30:22]} exf4 {[%clk 0:31:45]} 30. cxb5
{[%clk 0:28:31]} f3 {[%clk 0:31:22]} 31. g3 {[%clk 0:26:53]} Ra8 {[%clk 0:31:22]}
32. Qc3 {[%clk 0:20:19]} Qf5 {[%clk 0:18:19]} 33. Kh2 {[%clk 0:20:38]} Rf6
{[%clk 0:18:20]} 34. Rb4 {[%clk 0:19:24]} Qc8 {[%clk 0:13:19]} 35. Re1
{[%clk 0:17:56]} Qd7 {[%clk 0:11:14]} 36. Rbe4 {[%clk 0:15:56]} Qxb5
{[%clk 0:07:43]} 37. Re7 {[%clk 0:13:29]} Raf8 {[%clk 0:04:12]} 38. Qxc7
{[%clk 0:11:33]} Qxd5 {[%clk 0:02:00]} 39. Rxg7 {[%clk 0:09:20]} Rh6
{[%clk 0:01:56]} 40. Rg4 {[%clk 0:07:21]} Rg6 {[%clk 0:00:54]} 41. Re7
{[%clk 0:29:40]} Rxg4 {[%clk 0:30:33]} 42. Rxh7+ {[%clk 0:29:30]} Kg8
{[%clk 0:31:02]} 43. hxg4 {[%clk 0:29:52]} Rf7 {[%clk 0:30:48]} 44. Rxf7
{[%clk 0:29:13]} Qxf7 {[%clk 0:31:14]} 45. Qxf7+ {[%clk 0:26:37]} Kxf7
{[%clk 0:31:43]} 46. g5 {[%clk 0:26:55]} Kg6 {[%clk 0:31:37]} 47. g4
{[%clk 0:27:02]} Kxg5 {[%clk 0:32:02]} 48. Kg3 {[%clk 0:27:29]} d5
{[%clk 0:32:28]} 49. Kxf3 {[%clk 0:27:47]} d4 {[%clk 0:32:53]} 50. Ke4
{[%clk 0:27:06]} 1-0